000 00740na a2200241 4500
001 14497
003 MIRAKIL
005 20181213155124.0
008 160829b tu 000 0
020 _a9786054808076
035 _a14497
040 _aMilas
_btur
_cTR-AnCHP
082 _aDAN 331.803
_bÖ57e 2011
090 _aDAN 331.803 Ö57e 2011
100 _aÖnsal, Naci
245 _aEndüstri ilişkileri sözlüğü
_cDr. Naci Önsal
260 _aAnkara
_bTürkiye İşçi Sendikaları Konfederasyonu
_c2011
300 _a3358 s.
_c18 sm.
650 _aİşçi sendikaları
_xSözlükler
_yTürkçe
650 _aEkonomi
_xSözlükler
_yTürkçe
650 _aEndüstriyel ilişkiler
_xSözlükler
_yTürkçe
942 _2ddc
_cBKS
999 _c6959
_d6959